000 00640nam a22002057a 4500
999 _c7558
_d7558
003 OSt
005 20211201123624.0
008 211201b ||||| |||| 00| 0 eng d
020 _a9780077148249, 007714824x
040 _cDDC
082 _a332.6 BOD 2013
100 _a Bodie, Zvi ; Alex, Kane; Alan J. Marcus
_915468
245 _a Essentials of investments
250 _a9th ed.
260 _a New York:
_b McGraw-Hill/Irwin;
_c©2013
300 _a xxviii, 741, i-22 pages :
_billustrations (come color) ;
_c 29 cm
504 _a Includes bibliographical references and index.
650 _a Investments.
_97657
942 _2ddc
_cBOOK